| 000 | 01381nam a2200301 a 4500 | ||
|---|---|---|---|
| 001 | 000020773 | ||
| 003 | DO-SdBNP | ||
| 005 | 20260305073956.0 | ||
| 008 | 100817s2006 dr abc 001 0 spa d | ||
| 040 |
_aDO-SdBNP _bspa _cBNPHU |
||
| 082 |
_a338.97293 _bR426e |
||
| 110 | 1 |
_aRepública Dominicana. _bComisión Presidencial para los Objetivos de Desarrollo del Milenio y el Desarrollo Sostenible. _943537 |
|
| 245 | 1 | 0 |
_aEvaluación de necesidades y análisis de costos para cumplir con los objetivos de desarrollo del milenio : _bEl Seibo - pueblo del milenio / _cprólogo Leonel Fernández Reyna. |
| 260 |
_aSanto Domingo : _bCOPDES : _bPNUD, _c2006. |
||
| 300 |
_a256 p. : _bil., mapas., retrs. ; _c28 cm. |
||
| 504 | _aBibliografía : p. 178-182. | ||
| 590 | _aInventariado, 2018/BT | ||
| 650 | 4 |
_aDesarrollo de la comunidad _zEl Seibo (República Dominicana) _943538 |
|
| 650 | 4 |
_aDesarrollo económico y social _zEl Seibo (República Dominicana) _943539 |
|
| 650 | 4 |
_aDesarrollo sostenible _9901 |
|
| 650 | 4 |
_aPlanificación estratégica _92433 |
|
| 650 | 4 |
_aEstrategias para el desarrollo _93099 |
|
| 650 | 4 |
_aPolíticas de desarrollo _zRepública Dominicana _97785 |
|
| 700 | 1 |
_aFernández, Leonel, _d1953- _epról. _97291 |
|
| 710 | 1 |
_aPrograma de las Naciones Unidas para el Desarrollo (PNUD) _943540 |
|
| 910 | _aValidado. Control de calidad. EMS | ||
| 942 |
_2ddc _cLBS1 |
||
| 999 |
_c20277 _d20277 |
||